| 000 | 00536nam a2200181 i 4500 | ||
|---|---|---|---|
| 001 | bg | ||
| 003 | BPK | ||
| 005 | 20210816091234.0 | ||
| 008 | s1981 pl f |000 0 pol | ||
| 040 | _cBPK | ||
| 080 | _a004 | ||
| 100 | 1 |
_aAndrzejewski, Bolesław _eAutor |
|
| 245 | 0 |
_aMatematyczne podstawy inormatyki / _cBolesław Andrzejewski. |
|
| 260 |
_aLublin, _c1981. |
||
| 650 | 4 | _aInformatyka | |
| 856 |
_uhttp://koha.tu.koszalin.pl/cgi-bin/koha/opac-detail.pl?biblionumber=20965 _yKatalog online BPK |
||
| 942 |
_cKS _2UKD |
||
| 999 |
_c20965 _d20965 |
||